Anna Popplewell Filmography - Statistics

General Stats
  • This quiz has been taken 5 times
    2 since last reset
  • The average score is 6 of 31
Answer Stats
Type Year Name % Correct
Video Game 2005 The Chronicles of Narnia
100%
Film 2008 The Chronicles of Narnia: Prince Caspian
100%
Video Game 2008 The Chronicles of Narnia: Prince Caspian
100%
Film 2005 The Chronicles of Narnia: The Lion, the Witch and the Wardrobe
100%
TV Show 2013-2016 Reign
50%
Film 2010 The Chronicles of Narnia: The Voyage of the Dawn Treader
50%
Film 2000 The Little Vampire
50%
TV Show 2005 Blue Peter
0%
TV Pilot 2011 Brave New World
0%
Film TBA Catch the Wind
0%
TV Show 2011 Comedy Lab
0%
TV Mini-Series 2002 Daniel Deronda
0%
TV Film 2000 Dirty Tricks
0%
Film 2015 Freak of Nurture
0%
TV Film 1998 Frenchman's Creek
0%
Film 2003 Girl with a Pearl Earring
0%
TV Mini-Series 2012 Halo 4: Forward Unto Dawn
0%
TV Mini-Series 2001 Love in a Cold Climate
0%
Film 1999 Mansfield Park
0%
Film 2001 Me Without You
0%
Film 2012 Payback Season
0%
Short Film TBA Plastic Surgery
0%
Video Game 2024 The Elder Scrolls Online: Gold Road
0%
Video Game 2022 The Gallery
0%
Short Film 2017 The Last Birthday
0%
Podcast 2020 The Left Right Game
0%
Film 2023 The Nun II
0%
Theater 2025 The Wanderers
0%
Documentary Series 1997 This Is Your Life
0%
Film 2002 Thunderpants
0%
Film 2019 You Are Here
0%
No matching quizzes found
Score Distribution
Percent of People with Each Score
Percentile by Number Answered
Your Score History
You have not taken this quiz since the last reset